| 000 | 00404nam a22001337a 4500 | ||
|---|---|---|---|
| 082 |
_a346.0432 _bHAI |
||
| 100 | _aHaider, Raja Nadeem | ||
| 245 |
_aLand Record Manual: _bwith all amendment & up to date case law / _cRaja Nadeem Haider |
||
| 260 |
_aLahore : _bCapital Law Publishers, _c2023. |
||
| 300 | _a754 p. | ||
| 563 | _aHB. | ||
| 650 |
_aLaw, Land Record Manual _9128047 |
||
| 942 |
_2ddc _cBK |
||
| 999 |
_c613071 _d613071 |
||